[Event "OEISM 0818 BLMM"]
[Site "austriablmm"]
[Date "2020.12.12"]
[Round "3"]
[White "SaRaHo"]
[Black "Lukas-2010"]
[Result "0-1"]
[WhiteElo "1762"]
[BlackElo "1890"]
[Annotator "NA RC"]
[PlyCount "60"]
[EventDate "2020.12.12"]
[EventType "blitz"]

1. e4 {[%emt 0:00:04]} c5 {[%emt 0:00:01]} 2. Nf3 {[%emt 0:00:02]} d6 {[%emt 0:00:02]} 3. d4 {[%emt 0:00:02]} cxd4 {[%emt 0:00:01]} 4. Nxd4 {[%emt 0:00:02]} Nf6 {[%emt 0:00:01]} 5. Nc3 {[%emt 0:00:02]} Nc6 {[%emt 0:00:03]} 6. Be3 {[%emt 0:00:03]} Bd7 {[%emt 0:00:06]} 7. Bc4 {[%emt 0:00:03]} Rc8 {[%emt 0:00:05]} 8. Bb3 {[%emt 0:00:06]} g6 {[%emt 0:00:04]} 9. f3 {[%emt 0:00:06]} Bg7 {[%emt 0:00:02]} 10. Qd2 {[%emt 0:00:05]} O-O {[%emt 0:00:02]} 11. O-O-O {[%emt 0:00:02]} Nxd4 {[%emt 0:00:09]} 12. Bxd4 {[%emt 0:00:03]} a5 {[%emt 0:00:10]} 13. g4 {[%emt 0:00:11]} b5 {[%emt 0:00:05]} 14. h4 {[%emt 0:00:16]} a4 {[%emt 0:00:07]} 15. Bd5 {[%emt 0:00:08]} b4 {[%emt 0:00:06]} 16. Ne2 {[%emt 0:00:05]} Nxd5 {[%emt 0:00:07]} 17. Bxg7 {[%emt 0:00:03]} Kxg7 {[%emt 0:00:11]} 18. Qxd5 {[%emt 0:00:07]} Kg8 {[%emt 0:00:14]} 19. h5 {[%emt 0:00:02]} Be6 {[%emt 0:00:02]} 20. Qd4 {[%emt 0:00:04]} b3 {[%emt 0:00:27]} 21. c3 {[%emt 0:00:06]} Rc4 {[%emt 0:00:08]} 22. Qe3 {[%emt 0:00:10]} bxa2 {[%emt 0:00:11]} 23. Kc2 {[%emt 0:00:02]} Qb8 {[%emt 0:00:10]} 24. Nd4 {[%emt 0:00:10]} Rxd4 {[%emt 0:00:12]} 25. Qxd4 {[%emt 0:00:03]} Bb3+ {[%emt 0:00:12]} 26. Kd2 {[%emt 0:00:02]} Bxd1 {[%emt 0:00:02]} 27. Rxd1 {[%emt 0:00:02]} Qxb2+ {[%emt 0:00:02]} 28. Ke3 {[%emt 0:00:06]} a1=Q {[%emt 0:00:04]} 29. Rxa1 {[%emt 0:00:02]} Qxa1 {[%emt 0:00:00]} 30. hxg6 {[%emt 0:00:02]} hxg6 {[%emt 0:00:01] SaRaHo resigns} 0-1

[Event "OEISM 0818 BLMM"]
[Site "austriablmm"]
[Date "2020.12.12"]
[Round "3"]
[White "Magdalena_m"]
[Black "Marc_m"]
[Result "0-1"]
[WhiteElo "1757"]
[BlackElo "1974"]
[Annotator "TA"]
[PlyCount "60"]
[EventDate "2020.12.12"]
[EventType "blitz"]

{[%evp 9,60,20,24,0,8,-13,0,-40,-24,-39,-44,-33,-37,-87,-47,-122,-119,-185,-168,-205,-195,-199,-152,-233,-229,-241,-241,-261,-251,-260,-265,-293,-296,-390,-346,-342,-296,-298,-267,-278,-265,-288,-283,-333,-335,-389,-386,-389,-388,-411,-410,-29977,-29973]} 1. e4 c5 2. Nf3 d6 3. d4 cxd4 4. Qxd4 a6 5. Nc3 Nc6 6. Qd1 {B53: Sicilian: 2...d6: Lines with Qxd4.} Nf6 7. Bc4 e6 8. Bg5 {The position is equal.} Be7 9. Qd2 {[#]} h6 $146 ({Predecessor:} 9... b5 10. Bb3 b4 11. Bxf6 Bxf6 12. Na4 Bb7 13. O-O O-O 14. Rad1 Be7 15. Rfe1 Qc7 {0-1 (50) Simon,G-Csarmasz,M Hungary 2005}) 10. Bh4 b5 11. Bb3 b4 12. Ba4 (12. Bxf6 $15 Bxf6 13. Na4) 12... Bd7 $17 13. Bxc6 (13. Bxf6 $17 {was necessary.} Bxf6 14. Nd1) 13... Bxc6 $19 14. Bxf6 Bxf6 15. Ne2 a5 16. Rd1 (16. Qe3 $17 {might work better.}) 16... Bxe4 ({But not} 16... Bxb2 17. c4) 17. c3 bxc3 18. Nxc3 Bxf3 19. gxf3 d5 20. Qd3 O-O 21. Rg1 Qb6 22. Qd2 Kh7 23. f4 Rab8 24. b3 Qb4 25. Rg3 Rbc8 {[%cal Rf6c3]} 26. Rc1 Rc7 {[#] White must now prevent ...Rfc8.} 27. a3 Qxa3 {Strongly threatening ...Rfc8.} 28. Ne2 Rxc1+ 29. Nxc1 Rc8 30. Nd3 {[#]} (30. Ne2 $19) 30... Bc3 {Black took control after the opening.  Weighted Error Value: White=0.58/Black=0.12} 0-1

[Event "OEISM 0818 BLMM"]
[Site "austriablmm"]
[Date "2020.12.12"]
[Round "3"]
[White "jorei"]
[Black "Luis_VST"]
[Result "1-0"]
[WhiteElo "1729"]
[BlackElo "1620"]
[Annotator "NA RC"]
[PlyCount "31"]
[EventDate "2020.12.12"]
[EventType "blitz"]

1. e4 {[%emt 0:00:02]} e5 {[%emt 0:00:02]} 2. Nf3 {[%emt 0:00:02]} Nc6 {[%emt 0:00:04]} 3. Bc4 {[%emt 0:00:03]} Nf6 {[%emt 0:00:06]} 4. c3 {[%emt 0:00:09]} Bc5 {[%emt 0:00:24]} 5. d4 {[%emt 0:00:02]} d5 {[%emt 0:00:27]} 6. exd5 {[%emt 0:00:05]} Nxd5 {[%emt 0:00:40]} 7. dxc5 {[%emt 0:00:08]} Nf4 {[%emt 0:00:14]} 8. Qxd8+ {[%emt 0:00:08]} Kxd8 {[%emt 0:00:26]} 9. Bxf4 {[%emt 0:00:19]} exf4 {[%emt 0:00:15]} 10. Bxf7 {[%emt 0:00:30]} Ke7 {[%emt 0:00:32]} 11. Bd5 {[%emt 0:00:06]} Na5 {[%emt 0:00:14]} 12. O-O {[%emt 0:00:08]} Be6 {[%emt 0:00:11]} 13. Re1 {[%emt 0:00:09]} Kd7 {[%emt 0:00:08]} 14. Bxe6+ {[%emt 0:00:03]} Kc6 {[%emt 0:00:30]} 15. b4 {[%emt 0:00:19]} Nc4 {[%emt 0:00:45]} 16. Nd4# {[%emt 0:00:01] Mate Mate} 1-0

[Event "OEISM 0818 BLMM"]
[Site "austriablmm"]
[Date "2020.12.12"]
[Round "3"]
[White "Chessless13"]
[Black "Nico2006"]
[Result "0-1"]
[WhiteElo "1700"]
[BlackElo "1850"]
[Annotator "NA RC"]
[PlyCount "104"]
[EventDate "2020.12.12"]
[EventType "blitz"]

1. e4 {[%emt 0:00:04]} c5 {[%emt 0:00:02]} 2. d4 {[%emt 0:00:02]} cxd4 {[%emt 0:00:01]} 3. c3 {[%emt 0:00:01]} Nf6 {[%emt 0:00:02]} 4. e5 {[%emt 0:00:05]} Nd5 {[%emt 0:00:02]} 5. cxd4 {[%emt 0:00:01]} Nc6 {[%emt 0:00:02]} 6. Nf3 {[%emt 0:00:03]} d6 {[%emt 0:00:03]} 7. exd6 {[%emt 0:00:03]} Qxd6 {[%emt 0:00:02]} 8. Nc3 {[%emt 0:00:26]} Bf5 {[%emt 0:00:33]} 9. Bd3 {[%emt 0:00:33]} Bxd3 {[%emt 0:00:04]} 10. Qxd3 {[%emt 0:00:00]} e6 {[%emt 0:00:05]} 11. O-O {[%emt 0:00:09]} Be7 {[%emt 0:00:05]} 12. Qe4 {[%emt 0:00:33]} Nf6 {[%emt 0:00:23]} 13. Qf4 {[%emt 0:00:51]} O-O {[%emt 0:00:25]} 14. Rd1 {[%emt 0:01:36]} Rad8 {[%emt 0:00:11]} 15. Be3 {[%emt 0:01:31]} Qxf4 {[%emt 0:00:12]} 16. Bxf4 {[%emt 0:00:00]} Nd5 {[%emt 0:00:04]} 17. Nxd5 {[%emt 0:00:46]} Rxd5 {[%emt 0:00:09]} 18. Rd3 {[%emt 0:01:22]} Bf6 {[%emt 0:00:25]} 19. Rad1 {[%emt 0:01:16]} Rfd8 {[%emt 0:00:23]} 20. Be3 {[%emt 0:00:25]} e5 {[%emt 0:00:20]} 21. Rb3 {[%emt 0:01:10]} b6 {[%emt 0:01:08]} 22. Rc3 {[%emt 0:00:07]} Nxd4 {[%emt 0:00:25]} 23. Bxd4 {[%emt 0:00:01]} exd4 {[%emt 0:00:03]} 24. Rcd3 {[%emt 0:00:01]} h5 {[%emt 0:00:26]} 25. b3 {[%emt 0:00:01]} g5 {[%emt 0:00:09]} 26. Kf1 {[%emt 0:00:04]} Kg7 {[%emt 0:00:07]} 27. Nd2 {[%emt 0:00:01]} Be5 {[%emt 0:00:27]} 28. Nc4 {[%emt 0:00:05]} Bf6 {[%emt 0:00:14]} 29. R1d2 {[%emt 0:00:03]} Rc5 {[%emt 0:00:27]} 30. Rd1 {[%emt 0:00:02]} b5 {[%emt 0:00:05]} 31. Nd2 {[%emt 0:00:04]} Rc2 {[%emt 0:00:13]} 32. a4 {[%emt 0:00:03]} bxa4 {[%emt 0:00:12]} 33. bxa4 {[%emt 0:00:00]} Ra2 {[%emt 0:00:02]} 34. Nb3 {[%emt 0:00:04]} Rxa4 {[%emt 0:00:03]} 35. f3 {[%emt 0:00:07]} a5 {[%emt 0:00:18]} 36. Nc5 {[%emt 0:00:03]} Rc4 {[%emt 0:00:15]} 37. Nb7 {[%emt 0:00:02]} Rd5 {[%emt 0:00:17]} 38. Ra1 {[%emt 0:00:08]} a4 {[%emt 0:00:05]} 39. Rd2 {[%emt 0:00:03]} Rc7 {[%emt 0:00:21]} 40. Nd8 {[%emt 0:00:03]} Rxd8 {[%emt 0:00:05]} 41. Rxa4 {[%emt 0:00:01]} d3 {[%emt 0:00:01]} 42. Ra3 {[%emt 0:00:02]} Rc1+ {[%emt 0:00:03]} 43. Kf2 {[%emt 0:00:01]} Rc2 {[%emt 0:00:03]} 44. Rxc2 {[%emt 0:00:03]} dxc2 {[%emt 0:00:01]} 45. Ra1 {[%emt 0:00:09]} Bxa1 {[%emt 0:00:04]} 46. Ke2 {[%emt 0:00:01]} c1=Q {[%emt 0:00:03]} 47. f4 {[%emt 0:00:00]} Qc2+ {[%emt 0:00:03]} 48. Kf3 {[%emt 0:00:02]} Rd3+ {[%emt 0:00:02]} 49. Ke4 {[%emt 0:00:02]} Qe2+ {[%emt 0:00:01]} 50. Kf5 {[%emt 0:00:02]} Qe6+ {[%emt 0:00:01]} 51. Kxg5 {[%emt 0:00:03]} Qg6+ {[%emt 0:00:02]} 52. Kh4 {[%emt 0:00:01]} Qg4# {[%emt 0:00:01] Mate Mate} 0-1

[Event "OEISM 0818 BLMM"]
[Site "austriablmm"]
[Date "2020.12.12"]
[Round "3"]
[White "Wimmer Michael"]
[Black "Chessroman"]
[Result "1-0"]
[WhiteElo "1700"]
[BlackElo "1536"]
[Annotator "NA RC"]
[PlyCount "33"]
[EventDate "2020.12.12"]
[EventType "blitz"]

1. e4 {[%emt 0:00:04]} e5 {[%emt 0:00:04]} 2. Nf3 {[%emt 0:00:02]} Nf6 {[%emt 0:00:03]} 3. Nc3 {[%emt 0:00:02]} Nc6 {[%emt 0:00:03]} 4. d4 {[%emt 0:00:02]} exd4 {[%emt 0:00:11]} 5. Nxd4 {[%emt 0:00:02]} Bb4 {[%emt 0:00:06]} 6. Nxc6 {[%emt 0:00:04]} bxc6 {[%emt 0:00:05]} 7. Bd3 {[%emt 0:00:02]} O-O {[%emt 0:00:04]} 8. O-O {[%emt 0:00:03]} Re8 {[%emt 0:00:04]} 9. Re1 {[%emt 0:00:08]} d5 {[%emt 0:00:05]} 10. exd5 {[%emt 0:00:06]} Rxe1+ {[%emt 0:00:11]} 11. Qxe1 {[%emt 0:00:03]} Nxd5 {[%emt 0:00:02]} 12. Qe4 {[%emt 0:00:38]} Bxc3 {[%emt 0:00:09]} 13. Qxh7+ {[%emt 0:00:06]} Kf8 {[%emt 0:00:04]} 14. bxc3 {[%emt 0:00:36]} Nxc3 {[%emt 0:00:12] Wimmer Michael reconnected.} 15. Ba3+ {[%emt 0:00:33]} Ke8 {[%emt 0:00:08]} 16. Qg8+ {[%emt 0:00:15]} Kd7 {[%emt 0:00:04]} 17. Bf5# {[%emt 0:00:03] Mate Mate} 1-0

[Event "OEISM 0818 BLMM"]
[Site "austriablmm"]
[Date "2020.12.12"]
[Round "3"]
[White "Chachacha7"]
[Black "Luroe12"]
[Result "1-0"]
[WhiteElo "1680"]
[BlackElo "1503"]
[Annotator "NA RC"]
[PlyCount "127"]
[EventDate "2020.12.12"]
[EventType "blitz"]

1. d4 {[%emt 0:00:03]} d5 {[%emt 0:00:02]} 2. Bf4 {[%emt 0:00:03]} Nf6 {[%emt 0:00:07]} 3. e3 {[%emt 0:00:02]} Bf5 {[%emt 0:00:12]} 4. c3 {[%emt 0:00:08]} Nc6 {[%emt 0:00:08]} 5. Nf3 {[%emt 0:00:11]} e6 {[%emt 0:00:08]} 6. Bb5 {[%emt 0:00:05]} a6 {[%emt 0:00:04]} 7. Ba4 {[%emt 0:00:02]} b5 {[%emt 0:00:02]} 8. Bc2 {[%emt 0:00:14]} Bxc2 {[%emt 0:00:15]} 9. Qxc2 {[%emt 0:00:02]} Bd6 {[%emt 0:00:16]} 10. Ne5 {[%emt 0:00:16]} Bxe5 {[%emt 0:00:10]} 11. dxe5 {[%emt 0:00:41]} Ng4 {[%emt 0:00:20]} 12. O-O {[%emt 0:00:19]} Ngxe5 {[%emt 0:00:19]} 13. Nd2 {[%emt 0:00:26]} O-O {[%emt 0:00:07]} 14. Rfd1 {[%emt 0:00:29]} Ng4 {[%emt 0:00:47]} 15. Nf3 {[%emt 0:00:23]} h6 {[%emt 0:00:55]} 16. e4 {[%emt 0:00:45]} Nf6 {[%emt 0:00:35]} 17. exd5 {[%emt 0:00:45]} exd5 {[%emt 0:00:19]} 18. a4 {[%emt 0:00:57]} bxa4 {[%emt 0:00:28]} 19. Qxa4 {[%emt 0:00:06]} Ne7 {[%emt 0:00:45]} 20. Be5 {[%emt 0:00:33]} Nf5 {[%emt 0:00:31]} 21. Qc6 {[%emt 0:00:37]} Ne8 {[%emt 0:01:37]} 22. Rxd5 {[%emt 0:00:23]} Qb8 {[%emt 0:00:33]} 23. Rd2 {[%emt 0:00:39]} Ned6 {[%emt 0:00:26]} 24. Bxd6 {[%emt 0:00:21]} cxd6 {[%emt 0:00:06]} 25. Rxa6 {[%emt 0:00:14]} Rxa6 {[%emt 0:00:11]} 26. Qxa6 {[%emt 0:00:03]} Re8 {[%emt 0:00:30]} 27. g4 {[%emt 0:00:45]} Ne7 {[%emt 0:00:17]} 28. Qxd6 {[%emt 0:00:04]} Qxd6 {[%emt 0:00:08]} 29. Rxd6 {[%emt 0:00:02]} Nc8 {[%emt 0:00:06]} 30. Rc6 {[%emt 0:00:07]} Ne7 {[%emt 0:00:08]} 31. Rc5 {[%emt 0:00:09]} Ng6 {[%emt 0:00:08]} 32. b4 {[%emt 0:00:05]} Nf4 {[%emt 0:00:04]} 33. Re5 {[%emt 0:00:19]} Ne2+ {[%emt 0:00:21]} 34. Kf1 {[%emt 0:00:14]} Rxe5 {[%emt 0:00:09]} 35. Nxe5 {[%emt 0:00:02]} Nxc3 {[%emt 0:00:03]} 36. Ke1 {[%emt 0:00:10]} Kf8 {[%emt 0:00:05]} 37. Kd2 {[%emt 0:00:04]} Nb5 {[%emt 0:00:05]} 38. Kd3 {[%emt 0:00:06]} f6 {[%emt 0:00:02]} 39. Nc6 {[%emt 0:00:07]} Ke8 {[%emt 0:00:03]} 40. Kc4 {[%emt 0:00:02]} Nc7 {[%emt 0:00:04]} 41. Kc5 {[%emt 0:00:04]} Kd7 {[%emt 0:00:02]} 42. b5 {[%emt 0:00:03]} Na8 {[%emt 0:00:05]} 43. b6 {[%emt 0:00:04]} g5 {[%emt 0:00:10]} 44. b7 {[%emt 0:00:03]} Nc7 {[%emt 0:00:08]} 45. b8=Q {[%emt 0:00:10]} Na6+ {[%emt 0:00:03]} 46. Kd5 {[%emt 0:00:02]} Nxb8 {[%emt 0:00:02]} 47. Nxb8+ {[%emt 0:00:01]} Ke7 {[%emt 0:00:04]} 48. Nc6+ {[%emt 0:00:01]} Kf7 {[%emt 0:00:02]} 49. Ke4 {[%emt 0:00:01]} Kg6 {[%emt 0:00:02]} 50. Nd4 {[%emt 0:00:02]} h5 {[%emt 0:00:01]} 51. h3 {[%emt 0:00:04]} hxg4 {[%emt 0:00:01]} 52. hxg4 {[%emt 0:00:01]} Kf7 {[%emt 0:00:03]} 53. Kf5 {[%emt 0:00:01]} Ke7 {[%emt 0:00:02]} 54. Nf3 {[%emt 0:00:03]} Kf7 {[%emt 0:00:03]} 55. Nxg5+ {[%emt 0:00:01]} fxg5 {[%emt 0:00:01]} 56. Kxg5 {[%emt 0:00:01]} Kg7 {[%emt 0:00:03]} 57. f4 {[%emt 0:00:01]} Kf7 {[%emt 0:00:03]} 58. f5 {[%emt 0:00:01]} Kg7 {[%emt 0:00:02]} 59. f6+ {[%emt 0:00:01]} Kf7 {[%emt 0:00:02]} 60. Kf5 {[%emt 0:00:01]} Kf8 {[%emt 0:00:02]} 61. Ke6 {[%emt 0:00:01]} Ke8 {[%emt 0:00:04]} 62. f7+ {[%emt 0:00:01]} Kf8 {[%emt 0:00:02]} 63. g5 {[%emt 0:00:01]} Kg7 {[%emt 0:00:03]} 64. Ke7 {[%emt 0:00:01] Luroe12 resigns (Lag: Av=0.56s, max=0.9s)} 1-0

[Event "OEISM 0818 BLMM"]
[Site "austriablmm"]
[Date "2020.12.12"]
[Round "3"]
[White "Maryam2010"]
[Black "Peter Balint"]
[Result "0-1"]
[WhiteElo "1642"]
[BlackElo "1810"]
[Annotator "NA RC"]
[PlyCount "46"]
[EventDate "2020.12.12"]
[EventType "blitz"]

1. e4 {[%emt 0:00:03]} e5 {[%emt 0:00:02]} 2. Nf3 {[%emt 0:00:03]} Nc6 {[%emt 0:00:01]} 3. d4 {[%emt 0:00:02]} exd4 {[%emt 0:00:01]} 4. Nxd4 {[%emt 0:00:03]} Nf6 {[%emt 0:00:01]} 5. Nxc6 {[%emt 0:00:04]} bxc6 {[%emt 0:00:01]} 6. Qe2 {[%emt 0:00:03]} Qe7 {[%emt 0:00:07]} 7. e5 {[%emt 0:00:02]} Nd5 {[%emt 0:00:03]} 8. Nd2 {[%emt 0:00:42]} g6 {[%emt 0:00:13]} 9. b3 {[%emt 0:00:06]} Bg7 {[%emt 0:00:14]} 10. Bb2 {[%emt 0:00:02]} O-O {[%emt 0:00:04]} 11. O-O-O {[%emt 0:00:04]} a5 {[%emt 0:00:09]} 12. a4 {[%emt 0:00:12]} Re8 {[%emt 0:00:09]} 13. Nc4 {[%emt 0:00:15]} Ba6 {[%emt 0:00:47]} 14. Qe4 {[%emt 0:00:13]} d6 {[%emt 0:00:23]} 15. Bd3 {[%emt 0:00:25]} dxe5 {[%emt 0:00:14]} 16. Rhe1 {[%emt 0:00:24]} f5 {[%emt 0:00:08]} 17. Qe2 {[%emt 0:01:10]} e4 {[%emt 0:00:03]} 18. Ba3 {[%emt 0:00:09]} Qg5+ {[%emt 0:00:07]} 19. Nd2 {[%emt 0:01:07]} Nc3 {[%emt 0:00:16]} 20. Bc4+ {[%emt 0:00:20]} Kh8 {[%emt 0:00:09]} 21. Qf1 {[%emt 0:00:14]} Qf6 {[%emt 0:00:08]} 22. Bxa6 {[%emt 0:00:07]} Na2+ {[%emt 0:00:02]} 23. Kb1 {[%emt 0:00:05]} Qa1# {[%emt 0:00:01] Mate Mate} 0-1

[Event "OEISM 0818 BLMM"]
[Site "austriablmm"]
[Date "2020.12.12"]
[Round "3"]
[White "Xvv_valentina"]
[Black "Martinovicdavid"]
[Result "0-1"]
[WhiteElo "1640"]
[BlackElo "1656"]
[Annotator "NA RC"]
[PlyCount "62"]
[EventDate "2020.12.12"]
[EventType "blitz"]

1. e4 {[%emt 0:00:03]} e5 {[%emt 0:00:02]} 2. Nf3 {[%emt 0:00:01]} Nc6 {[%emt 0:00:05]} 3. Nc3 {[%emt 0:00:02]} Nf6 {[%emt 0:00:14]} 4. Bb5 {[%emt 0:00:04]} Bc5 {[%emt 0:00:07]} 5. O-O {[%emt 0:00:16]} O-O {[%emt 0:00:27]} 6. d3 {[%emt 0:00:20]} d6 {[%emt 0:00:10]} 7. h3 {[%emt 0:00:07]} h6 {[%emt 0:00:04]} 8. Bxc6 {[%emt 0:00:08]} bxc6 {[%emt 0:00:05]} 9. d4 {[%emt 0:00:11]} exd4 {[%emt 0:00:04]} 10. Nxd4 {[%emt 0:00:11]} Bd7 {[%emt 0:00:16]} 11. Be3 {[%emt 0:00:20]} Re8 {[%emt 0:00:45]} 12. Qe2 {[%emt 0:00:30]} Nxe4 {[%emt 0:00:07]} 13. Rfe1 {[%emt 0:01:30]} Bxd4 {[%emt 0:00:15]} 14. Bxd4 {[%emt 0:00:22]} Nxc3 {[%emt 0:00:05]} 15. Qf3 {[%emt 0:00:21]} Nd5 {[%emt 0:00:19]} 16. Qg3 {[%emt 0:00:12]} Qg5 {[%emt 0:00:07]} 17. Qf3 {[%emt 0:00:55]} Nf4 {[%emt 0:00:17]} 18. Re3 {[%emt 0:01:09]} Bxh3 {[%emt 0:00:11]} 19. g3 {[%emt 0:00:31]} Nd5 {[%emt 0:00:37]} 20. Rxe8+ {[%emt 0:00:19]} Rxe8 {[%emt 0:00:05]} 21. Rd1 {[%emt 0:00:24]} Bg4 {[%emt 0:00:09]} 22. Qd3 {[%emt 0:00:23]} Bxd1 {[%emt 0:00:06]} 23. Qxd1 {[%emt 0:00:04]} Qf5 {[%emt 0:00:53]} 24. b3 {[%emt 0:00:14]} Qe4 {[%emt 0:00:03]} 25. Kh2 {[%emt 0:00:24]} Nf6 {[%emt 0:00:23]} 26. Bb2 {[%emt 0:00:08]} Qe2 {[%emt 0:00:06]} 27. Qd4 {[%emt 0:00:08]} Ng4+ {[%emt 0:00:23]} 28. Kh3 {[%emt 0:00:13]} Nxf2+ {[%emt 0:00:02]} 29. Kh4 {[%emt 0:00:13]} Re4+ {[%emt 0:00:06]} 30. g4 {[%emt 0:00:08]} Rxg4+ {[%emt 0:00:07]} 31. Kh5 {[%emt 0:00:06]} Rxd4# {[%emt 0:00:04] Mate Mate} 0-1

[Event "OEISM 0818 BLMM"]
[Site "austriablmm"]
[Date "2020.12.12"]
[Round "3"]
[White "Valeria5492"]
[Black "EdiRaber"]
[Result "0-1"]
[WhiteElo "1620"]
[BlackElo "1756"]
[Annotator "NA RC"]
[PlyCount "142"]
[EventDate "2020.12.12"]
[EventType "blitz"]

1. e4 {[%emt 0:00:08]} e5 {[%emt 0:00:02]} 2. Nf3 {[%emt 0:00:03]} Nc6 {[%emt 0:00:01]} 3. Nc3 {[%emt 0:00:02]} d6 {[%emt 0:00:03]} 4. Bc4 {[%emt 0:00:07]} Be7 {[%emt 0:00:02]} 5. d3 {[%emt 0:00:03]} Bg4 {[%emt 0:00:01]} 6. Be3 {[%emt 0:00:05]} Nf6 {[%emt 0:00:02]} 7. Bb3 {[%emt 0:00:05]} Nd4 {[%emt 0:00:04]} 8. Qd2 {[%emt 0:00:22]} Bxf3 {[%emt 0:00:03]} 9. Bxd4 {[%emt 0:00:12]} exd4 {[%emt 0:00:04]} 10. Nb5 {[%emt 0:00:14]} Bxg2 {[%emt 0:00:04]} 11. Rg1 {[%emt 0:00:07]} Bh3 {[%emt 0:00:01]} 12. Nxd4 {[%emt 0:00:08]} Qd7 {[%emt 0:00:05]} 13. O-O-O {[%emt 0:00:20]} O-O-O {[%emt 0:00:03]} 14. Rxg7 {[%emt 0:00:12]} Be6 {[%emt 0:00:06]} 15. Rgg1 {[%emt 0:00:07]} Bxb3 {[%emt 0:00:03]} 16. Nxb3 {[%emt 0:00:06]} h6 {[%emt 0:00:03]} 17. Rge1 {[%emt 0:01:00]} Nh5 {[%emt 0:00:06]} 18. Qc3 {[%emt 0:00:38]} Bg5+ {[%emt 0:00:06]} 19. Kb1 {[%emt 0:00:14]} Bf6 {[%emt 0:00:05]} 20. Qb4 {[%emt 0:00:18]} Rhg8 {[%emt 0:00:15]} 21. Na5 {[%emt 0:00:14]} b6 {[%emt 0:00:09]} 22. Nc4 {[%emt 0:00:10]} Be5 {[%emt 0:00:19]} 23. Rh1 {[%emt 0:00:35]} Rg2 {[%emt 0:00:11]} 24. Qd2 {[%emt 0:00:12]} Qb5 {[%emt 0:00:12]} 25. Qxh6 {[%emt 0:00:30]} Nf6 {[%emt 0:00:07]} 26. Qg5 {[%emt 0:00:19]} Rxg5 {[%emt 0:00:05]} 27. h4 {[%emt 0:00:15]} Rh5 {[%emt 0:00:06]} 28. b3 {[%emt 0:00:19]} Rdh8 {[%emt 0:00:10]} 29. d4 {[%emt 0:00:14]} Bxd4 {[%emt 0:00:16]} 30. Rxd4 {[%emt 0:00:09]} Rxh4 {[%emt 0:00:02]} 31. Rc1 {[%emt 0:00:28]} Rh1 {[%emt 0:00:06]} 32. Rdd1 {[%emt 0:00:05]} Rxd1 {[%emt 0:00:08]} 33. Rxd1 {[%emt 0:00:02]} Nxe4 {[%emt 0:00:02]} 34. Na3 {[%emt 0:00:18]} Nc3+ {[%emt 0:00:06]} 35. Kc1 {[%emt 0:00:10]} Nxd1 {[%emt 0:00:06]} 36. Nxb5 {[%emt 0:00:04]} Nxf2 {[%emt 0:00:02]} 37. Nxa7+ {[%emt 0:00:03]} Kb7 {[%emt 0:00:00]} 38. Nb5 {[%emt 0:00:03]} f5 {[%emt 0:00:00]} 39. a4 {[%emt 0:00:10]} f4 {[%emt 0:00:03]} 40. Kd2 {[%emt 0:00:05]} Ne4+ {[%emt 0:00:03]} 41. Ke2 {[%emt 0:00:07]} Rh3 {[%emt 0:00:04]} 42. c4 {[%emt 0:00:10]} f3+ {[%emt 0:00:01]} 43. Ke3 {[%emt 0:00:09]} f2+ {[%emt 0:00:02]} 44. Kxe4 {[%emt 0:00:04]} f1=Q {[%emt 0:00:03]} 45. b4 {[%emt 0:00:21]} Qxc4+ {[%emt 0:00:02]} 46. Kf5 {[%emt 0:00:08]} Rf3+ {[%emt 0:00:03]} 47. Kg6 {[%emt 0:00:06]} Qxb5 {[%emt 0:00:01]} 48. axb5 {[%emt 0:00:03]} Rb3 {[%emt 0:00:00]} 49. Kf6 {[%emt 0:00:10]} Rxb4 {[%emt 0:00:01]} 50. Ke6 {[%emt 0:00:02]} Rxb5 {[%emt 0:00:01]} 51. Kd7 {[%emt 0:00:04]} d5 {[%emt 0:00:02]} 52. Ke6 {[%emt 0:00:04]} d4 {[%emt 0:00:00]} 53. Kf6 {[%emt 0:00:08]} d3 {[%emt 0:00:00]} 54. Ke7 {[%emt 0:00:04]} d2 {[%emt 0:00:00]} 55. Kd7 {[%emt 0:00:03]} d1=B {[%emt 0:00:03]} 56. Kd8 {[%emt 0:00:07]} c5 {[%emt 0:00:01]} 57. Kd7 {[%emt 0:00:04]} c4 {[%emt 0:00:00]} 58. Ke6 {[%emt 0:00:05]} c3 {[%emt 0:00:00]} 59. Kd7 {[%emt 0:00:03]} c2 {[%emt 0:00:00]} 60. Ke6 {[%emt 0:00:01]} c1=B {[%emt 0:00:02]} 61. Kd7 {[%emt 0:00:04]} Rc5 {[%emt 0:00:02]} 62. Ke6 {[%emt 0:00:03]} b5 {[%emt 0:00:01]} 63. Kd6 {[%emt 0:00:03]} Kb6 {[%emt 0:00:01]} 64. Kd7 {[%emt 0:00:03]} b4 {[%emt 0:00:00]} 65. Kd6 {[%emt 0:00:02]} b3 {[%emt 0:00:00]} 66. Kd7 {[%emt 0:00:04]} b2 {[%emt 0:00:00]} 67. Kd6 {[%emt 0:00:02]} b1=B {[%emt 0:00:03]} 68. Kd7 {[%emt 0:00:02]} Rc6 {[%emt 0:00:03]} 69. Kd8 {[%emt 0:00:05]} Rc7 {[%emt 0:00:02]} 70. Ke8 {[%emt 0:00:05]} Bg6+ {[%emt 0:00:03]} 71. Kd8 {[%emt 0:00:03]} Bg5# {[%emt 0:00:04] Mate Mate} 0-1

[Event "OEISM 0818 BLMM"]
[Site "austriablmm"]
[Date "2020.12.12"]
[Round "3"]
[White "MGamer"]
[Black "Gor200506"]
[Result "1/2-1/2"]
[WhiteElo "1591"]
[BlackElo "1641"]
[Annotator "NA RC"]
[PlyCount "88"]
[EventDate "2020.12.12"]
[EventType "blitz"]

1. e4 {[%emt 0:00:04]} e6 {[%emt 0:00:02]} 2. d4 {[%emt 0:00:05]} d5 {[%emt 0:00:01]} 3. Nd2 {[%emt 0:00:02]} c5 {[%emt 0:00:02]} 4. c3 {[%emt 0:00:03]} Nc6 {[%emt 0:00:05]} 5. Ne2 {[%emt 0:00:05]} Nf6 {[%emt 0:00:06]} 6. e5 {[%emt 0:00:06]} Nd7 {[%emt 0:00:02]} 7. Nf3 {[%emt 0:00:04]} Qb6 {[%emt 0:00:15]} 8. a3 {[%emt 0:00:11]} a5 {[%emt 0:02:00]} 9. Rb1 {[%emt 0:01:07]} cxd4 {[%emt 0:00:11]} 10. cxd4 {[%emt 0:00:05]} Bxa3 {[%emt 0:00:09]} 11. Nc3 {[%emt 0:01:45]} Bb4 {[%emt 0:00:19]} 12. Be3 {[%emt 0:00:09]} a4 {[%emt 0:00:59]} 13. Bd3 {[%emt 0:02:42]} a3 {[%emt 0:03:14]} 14. O-O {[%emt 0:00:22]} a2 {[%emt 0:00:02]} 15. Ra1 {[%emt 0:00:03]} Bxc3 {[%emt 0:00:03]} 16. bxc3 {[%emt 0:00:00]} Qb2 {[%emt 0:00:18]} 17. Qc2 {[%emt 0:00:34]} Qa3 {[%emt 0:00:29]} 18. Nd2 {[%emt 0:00:47]} b6 {[%emt 0:01:08]} 19. f4 {[%emt 0:00:06]} g6 {[%emt 0:01:02]} 20. g4 {[%emt 0:00:58]} Rg8 {[%emt 0:00:26]} 21. Kh1 {[%emt 0:00:01]} Ne7 {[%emt 0:00:08]} 22. f5 {[%emt 0:01:14]} Bb7 {[%emt 0:00:05]} 23. Nf3 {[%emt 0:00:30]} h5 {[%emt 0:00:04]} 24. Ng5 {[%emt 0:00:04]} Nf8 {[%emt 0:00:03]} 25. fxe6 {[%emt 0:00:02]} fxe6 {[%emt 0:00:01]} 26. Rf7 {[%emt 0:00:02]} Bc6 {[%emt 0:00:03]} 27. h4 {[%emt 0:00:05]} Ba4 {[%emt 0:00:01]} 28. Qd2 {[%emt 0:00:02]} Bb3 {[%emt 0:00:01]} 29. Rf2 {[%emt 0:00:03]} O-O-O {[%emt 0:00:02]} 30. Bc2 {[%emt 0:00:03]} Bc4 {[%emt 0:00:04]} 31. Bd3 {[%emt 0:00:03]} Bxd3 {[%emt 0:00:02]} 32. Qxd3 {[%emt 0:00:01]} hxg4 {[%emt 0:00:02]} 33. Rfxa2 {[%emt 0:00:01]} Qb3 {[%emt 0:00:03]} 34. Ra8+ {[%emt 0:00:01]} Kd7 {[%emt 0:00:03]} 35. R1a7+ {[%emt 0:00:10]} Ke8 {[%emt 0:00:02]} 36. Rxd8+ {[%emt 0:00:04]} Kxd8 {[%emt 0:00:01]} 37. Ra8+ {[%emt 0:00:01]} Nc8 {[%emt 0:00:01]} 38. Qa6 {[%emt 0:00:02]} Qd1+ {[%emt 0:00:02]} 39. Kg2 {[%emt 0:00:02]} Qc2+ {[%emt 0:00:14]} 40. Kg3 {[%emt 0:00:04]} Qxc3 {[%emt 0:00:05]} 41. Kf2 {[%emt 0:00:04]} Qc2+ {[%emt 0:00:02]} 42. Kg3 {[%emt 0:00:02]} Qc3 {[%emt 0:00:01]} 43. Kf2 {[%emt 0:00:01]} Qc2+ {[%emt 0:00:01]} 44. Kg3 {[%emt 0:00:01]} Qc3 {[%emt 0:00:01] Threefold Rep Threefold Rep} 1/2-1/2